| 000 | 00696cam a2200265 4500500 | ||
|---|---|---|---|
| 005 | 20260405003502.0 | ||
| 041 | _afre | ||
| 042 | _adc | ||
| 100 | 1 | 0 |
_aOrtoli, Sven _eauthor |
| 245 | 0 | 0 | _aMMORPG, le grand jeu |
| 260 | _c2022. | ||
| 500 | _a39 | ||
| 690 | _aAddiction | ||
| 690 | _aDivertissement | ||
| 690 | _aFortnite | ||
| 690 | _aInternet | ||
| 690 | _aJeu | ||
| 690 | _aJeu vidéo | ||
| 690 | _aNumérique | ||
| 690 | _aSanté | ||
| 690 | _aSport | ||
| 690 | _aVirtuel | ||
| 786 | 0 | _nPhilosophie magazine | 158 | 4 | 2022-04-01 | p. 15-15 | 1951-1787 | |
| 856 | 4 | 1 | _uhttps://shs.cairn.info/magazine-philosophie-magazine-2022-4-page-15?lang=fr&redirect-ssocas=7080 |
| 999 |
_c2068009 _d2068009 |
||